MARC details
| 000 -LEADER |
| fixed length control field |
02810cam a2200385 i 4500 |
| 001 - CONTROL NUMBER |
| control field |
13599087 |
| 003 - CONTROL NUMBER IDENTIFIER |
| control field |
EG-ScBUE |
| 005 - DATE AND TIME OF LATEST TRANSACTION |
| control field |
20260124103815.0 |
| 008 - FIXED-LENGTH DATA ELEMENTS--GENERAL INFORMATION |
| fixed length control field |
040518t2006 ii a f b 001 0 eng d |
| 020 ## - INTERNATIONAL STANDARD BOOK NUMBER |
| International Standard Book Number |
9788126521920 (alk. paper) |
| 035 ## - SYSTEM CONTROL NUMBER |
| System control number |
(DNLM)101217743 |
| 040 ## - CATALOGING SOURCE |
| Original cataloging agency |
DNLM/DLC |
| Language of cataloging |
eng |
| Description conventions |
rda |
| Transcribing agency |
DLC |
| Modifying agency |
DLC |
| -- |
EG-ScBUE |
| 082 04 - DEWEY DECIMAL CLASSIFICATION NUMBER |
| Classification number |
572.86330285 |
| Edition number |
22 |
| Item number |
BIO |
| 245 00 - TITLE STATEMENT |
| Title |
Bioinformatics : |
| Remainder of title |
a practical guide to the analysis of genes and proteins / |
| Statement of responsibility, etc |
edited by Andreas D. Baxevanis, B. F. Francis Ouellette. |
| 250 ## - EDITION STATEMENT |
| Edition statement |
Third edition |
| 264 #1 - PUBLICATION, DISTRIBUTION, ETC. (IMPRINT) |
| Place of publication, distribution, etc |
New Delhi : |
| Name of publisher, distributor, etc |
Wiley, |
| Date of publication, distribution, etc |
[2006] |
| 264 #4 - PUBLICATION, DISTRIBUTION, ETC. (IMPRINT) |
| Date of publication, distribution, etc |
c2006 |
| 300 ## - PHYSICAL DESCRIPTION |
| Extent |
xviii, 540 pages : |
| Other physical details |
illustrations (chiefly color) ; |
| Dimensions |
29 cm |
| 336 ## - CONTENT TYPE |
| Source |
rdacontent |
| Content type term |
text |
| Content type code |
txt |
| 337 ## - MEDIA TYPE |
| Media type term |
unmediated |
| Source |
rdamedia |
| Media type code |
n |
| 338 ## - CARRIER TYPE |
| Carrier type term |
volume |
| Carrier type code |
nc |
| Source |
rdacarrier |
| 504 ## - BIBLIOGRAPHY, ETC. NOTE |
| Bibliography, etc |
Includes bibliographical references and index. |
| 505 0# - FORMATTED CONTENTS NOTE |
| Formatted contents note |
Sequence databases / Rolf Apweiler -- Mapping databases / Tara Matise and Peter S. White -- Information retrieval from biological databases / Andreas D. Baxevanis -- Genomic databases / Tyra Wolfsberg -- Predictive methods using DNA sequences / Roderic Guig�o and Enrique Blanco -- Predictive methods using RNA sequences / Michael Zucker and David Mathews -- Sequence polymorphisms / James C. Mullikin and Stephen T. Sherry -- Predictive methods using protein sequences / Burkhard Rost and Yanay Ofran -- Protein structure prediction and analysis / David Wishart -- Intermolecular interactions and biological pathways / Gary D. Bader and Anton J. Enright -- Assessing pairwise sequence similarity: blast and fasta / Andreas D. Baxevanis -- Creation and analysis of protein multiple sequence alignments / Geoffrey J. Barton -- Sequence assembly and finishing methods / Gerard Bouffard, Nancy F. Hansen, and Pamela Jacques Thomas -- Phylogenetic analysis / Fiona S.L. Brinkman -- Computational approaches in comparative genomics / Andreas D. Baxevanis -- Microarray analysis / John Quackenbush -- Proteomics and protein identification / Michael Giddings, Mark R. Holmes, and Kevin Ramkissoon -- Using perl to facilitate biological analysis / Lincoln D. Stein. |
| 650 #0 - SUBJECT ADDED ENTRY--TOPICAL TERM |
| Topical term or geographic name as entry element |
Bioinformatics. |
| 9 (RLIN) |
12930 |
| 650 #7 - SUBJECT ADDED ENTRY--TOPICAL TERM |
| Topical term or geographic name as entry element |
Base Sequence. |
| Source of heading or term |
BUEsh |
| 9 (RLIN) |
12931 |
| 650 #7 - SUBJECT ADDED ENTRY--TOPICAL TERM |
| Topical term or geographic name as entry element |
Sequence Analysis |
| General subdivision |
methods. |
| Source of heading or term |
BUEsh |
| 9 (RLIN) |
12932 |
| 650 #7 - SUBJECT ADDED ENTRY--TOPICAL TERM |
| Topical term or geographic name as entry element |
Computational Biology |
| General subdivision |
methods. |
| Source of heading or term |
BUEsh |
| 9 (RLIN) |
12933 |
| 655 ## - INDEX TERM--GENRE/FORM |
| Form subdivision |
Reading book |
| 700 1# - ADDED ENTRY--PERSONAL NAME |
| Personal name |
Baxevanis, Andreas D., |
| Relator term |
editor. |
| 9 (RLIN) |
12935 |
| 700 1# - ADDED ENTRY--PERSONAL NAME |
| Personal name |
Ouellette, B. F. Francis, |
| Relator term |
editor. |
| 9 (RLIN) |
12936 |
| 856 41 - ELECTRONIC LOCATION AND ACCESS |
| Materials specified |
Table of contents only |
| Uniform Resource Identifier |
<a href="http://www.loc.gov/catdir/toc/wiley041/2004011822.html">http://www.loc.gov/catdir/toc/wiley041/2004011822.html</a> |
| 856 42 - ELECTRONIC LOCATION AND ACCESS |
| Materials specified |
Contributor biographical information |
| Uniform Resource Identifier |
<a href="http://www.loc.gov/catdir/enhancements/fy0616/2004011822-b.html">http://www.loc.gov/catdir/enhancements/fy0616/2004011822-b.html</a> |
| 856 42 - ELECTRONIC LOCATION AND ACCESS |
| Materials specified |
Publisher description |
| Uniform Resource Identifier |
<a href="http://www.loc.gov/catdir/enhancements/fy0616/2004011822-d.html">http://www.loc.gov/catdir/enhancements/fy0616/2004011822-d.html</a> |
| 942 ## - ADDED ENTRY ELEMENTS (KOHA) |
| Source of classification or shelving scheme |
Dewey Decimal Classification |
| Koha item type |
Book - Borrowing |